Applied statistics : analysis of variance and regression

Αποθηκεύτηκε σε:
Λεπτομέρειες βιβλιογραφικής εγγραφής
Κύριος συγγραφέας: Dunn, Olive Jean
Άλλοι συγγραφείς: Clark, Virginia 1928-
Μορφή: Βιβλίο
Γλώσσα:English
Δημοσίευση: New York : John Wiley and Sons, 1987
Έκδοση:2nd ed.
Σειρά:Wiley series in probability and mathematical statistics. Applied probability and statistics
Θέματα:
Ετικέτες: Προσθήκη ετικέτας
Δεν υπάρχουν, Καταχωρήστε ετικέτα πρώτοι!

MARC

LEADER 00000cam a2200000 i 4500
001 1/93525
008 940524s1987 eng d
020 |a 0-471-81269-2 
035 |l 10008861 
035 |a 1995  |c ΤΡΥΨΙΑΝΝΗΣ 
040 |a GR-MY-UA  |b gre  |e aacr 
041 0 |a eng 
082 0 |a 519.538  |2 (19) 
100 1 |a Dunn, Olive Jean. 
245 1 0 |a Applied statistics :  |b analysis of variance and regression /  |c Olive Jean Dunn; Virgiania A. Clark 
250 |a 2nd ed. 
260 |a New York :   |b John Wiley and Sons,   |c 1987 
300 |a xii, 445 σ.;  |c 24 εκ. 
490 1 |a Wiley series in probability and mathematical statistics. Applied probability and statistics 
504 |a Περιέχει βιβλιογραφικές παραπομπές και ευρετήριο 
650 0 0 |a Analysis of variance. 
650 0 0 |a Regression analysis. 
700 1 |a Clark, Virginia  |d 1928- 
830 0 |a Wiley series in probability and mathematical statistics. Applied probability and statistics 
852 |a INST  |b LESVOS  |e 19940524  |h 519.538 DUN  |p 005100006037  |q 005100006037  |t BK  |y 0 
852 |a INST  |b SAMOS  |e 19941103  |h 519.538 DUN  |p 005300003528  |q 005300003528  |t BK  |y 0 
909 |a Λ  |b 018268 
909 |a Σ  |b 025782